LEADER 01566nam a2200337 u 4500 001 000000012277 003 CaOOAMICUS 005 20070226105522.0 008 940516s1984 vc u000 u ita u 020 $a8820914573 035 $a10297474 040 $aPUL$bita 100 1 $aRigobello, Armando,$d1924-$0(OLS)http://pul/name/2221 245 10$aCertezza morale ed esperienza religiosa /$cArmando Rigobello. 260 $aCittą del Vaticano :$bLibreria editrice vaticana,$c1983. 300 $a110 p. ;$c24 cm 490 1 $aTeologia e filosofia ;$v8 650 4$aFilosofia morale.$0(OLS)http://pul/subject/560 650 4$aReligione.$0(OLS)http://pul/subject/4402 830 0$aTeologia e filosofia ;$v8.$0(OLS)http://pul/title/1178 850 $aPUL 852 $aPUL$W1$xSL Filosofia 3$y81$m170 RIGAR 1$j17351$nBK-PRI$b $qDDC 21$B17351$CPULBib$Z2$F17351 $HPUL97804 $81 852 $aPUL$W1$xDP1 Fondo Seidl$y56$m3 A 57$j17352$nBK-PRI$b $qFondi$B17352$CPULBib$Z2$F17352 $HPUL91732 $81 852 $aPUL$W1$xSL Religione 1$y3$m37 A 155$j121103$nBK-PRI$ac. 3$qStampati$B120252$CPULBib$Z2$F120252 $H69928 $82 941 1 $a9 941 1 $a8 941 1 $a1 961 $aINV: Esemplare con dedica autografa dell'autore. 996 $6020$a8820914573$9(OLS)http://pul/number/15717 996 $6245$aCertezza morale ed esperienza religiosa$9(OLS)http://pul/title/17778 996 $6260$aCittą del Vaticano :$bLibreria editrice vaticana$9(OLS)http://pul/publisher/47920 LEADER 01384nam a2200313 u 4500 001 000000080185 003 CaOOAMICUS 005 20070226123623.0 008 040630s2004 mau u000 u eng u 020 $a0631200436 035 $a11002572 040 $aPUL$bita 245 00$aContemporary debates in philosophy of religion /$cedited by Michael L. Peterson and Raymond J. VanArragon. 260 $aMalden ;$aOxford :$bBlackwell,$c2004. 300 $axii, 353 p. ;$c24 cm 490 1 $aContemporary debates on philosophy ;$v1 500 $aIndice : p. [344]-353. 504 $aBibliografia in nota. 650 4$aReligione$xFilosofia.$0(OLS)http://pul/subject/397 650 4$aCristianesimo (filosofia).$0(OLS)http://pul/subject/22607 700 1 $aVanArragon, Raymond J.$0(OLS)http://pul/name/53461 700 1 $aPeterson, Michael L.,$d1950-$0(OLS)http://pul/name/53460 830 0$aContemporary debates on philosophy ;$v1.$0(OLS)http://pul/title/105036 850 $aPUL 852 $aPUL$W1$xSL Filosofia 3$y81$m181 PETMI 1$j102433$nBK-PRI$b $qDDC 21$B102433$CPULBib$Z2$F102433 $HPUL95624 $81 941 1 $a9 996 $6020$a0631200436$9(OLS)http://pul/number/105878 996 $6245$aContemporary debates in philosophy of religion$9(OLS)http://pul/title/105035 996 $6260$aMalden ;$aOxford :$bBlackwell$9(OLS)http://pul/publisher/75799 LEADER 01451nam a2200301 u 4500 001 000000025376 003 CaOOAMICUS 005 20070226111445.0 008 950721s1952 it u000 u ita u 035 $a10652439 040 $aPUL$bita 100 1 $aZedda, Silverio,$cS.I.$b1913-1992.$0(OLS)http://pul/name/7257 245 12$aL'adozione a figli di Dio e lo Spirito Santo :$bstoria dell'interpretazione e teologia mistica di Gal 4,6 /$cSilverio Zedda. 260 $aRoma :$bPontificio Istituto Biblico,$c1952. 300 $axxiii, 190 p. ;$c24 cm 490 1 $aAnalecta biblica ;$v1 500 $aComprende indici. 504 $aBibliografia: p. xiii-xxiii. 630 04$aBiblia.$pN.T.$pAd Galatas.$nIV, 6$xCritica, interpretazione, ecc.$0(OLS)http://pul/subject/15008 830 0$aAnalecta biblica ;$v1.$0(OLS)http://pul/title/100 850 $aPUL 852 $aPUL$W1$xSL Religione 1$y3$m10(4) A 1$j35495$nBK-PRI$b $qStampati$B35495$CPULBib$Z2$F35495 $H $81 852 $aPUL$W1$xDP1 Fondo Cecchetti$y53$m266 B 42$j35496$nBK-PRI$b $qFondi$B35496$CPULBib$Z2$F35496 $HPUL1506 $81 941 1 $a8 941 1 $a1 961 $aINV: 15300 996 $6245$aL'adozione a figli di Dio e lo Spirito Santo :$bstoria dell'interpretazione e teologia mistica di Gal 4,6$9(OLS)http://pul/title/34965 996 $6260$aRoma :$bPontificio Istituto Biblico$9(OLS)http://pul/publisher/49008